| 000 | 05490nam a2200397 a 4500 | ||
|---|---|---|---|
| 003 | CHAP | ||
| 005 | 20240619131936.0 | ||
| 007 | ta | ||
| 008 | 240619s2021 mx abdofom||| 001 0 spa d | ||
| 040 | _erda | ||
| 041 | 0 |
_aspa _beng |
|
| 100 | 1 |
_9189231 _aMendoza Pinacho, Karla Guadalupe |
|
| 240 | 1 | 0 |
_aEvaluation of the antifungal effect of different plant extracts in chapingo cheese. _lEspañol |
| 245 | 1 | 0 |
_aEvaluación del efecto antimicótico de diferentes extractos de plantas en queso chapingo / _cKarla Guadalupe Mendoza Pinacho y Jesús Iván Ruiz Terrazas |
| 264 | 0 |
_aChapingo, México : _bEl autor, _c2021 |
|
| 300 |
_a1 recurso en línea ( xiii, 68 páginas) : _bilustraciones, tablas, gráficas, diagramas, fotos |
||
| 336 |
_2rdacontent _atexto _btxt |
||
| 337 |
_2rdamedia _acomputadora _bc |
||
| 338 |
_2rdacarrier _arecurso en línea _bcr |
||
| 502 |
_aTesis _bIA _cAgroindustrias _d2021 _gLIC |
||
| 504 | _aBibliografía : páginas 57-65 | ||
| 520 | 3 | _aEl objetivo de la presente investigación fue evaluar el grado de inhibición de extractos naturales de orégano (Origanum vulgare), canela (Cinnamomum zeylanicum) y epazote (Chenopodium ambrosioides) sobre el crecimiento de hongos aislados de Queso Chapingo tanto in vitro, como in situ. Para este propósito, se aislaron cepas de Penicillium, Aspergillus, Cladosporium y Alternaria a partir de muestras de queso Chapingo con dos semanas de maduración. Los extractos se obtuvieron mediante maceración de material vegetal seco con una solución de etanol diluido con agua (50/50), las soluciones reposaron por tres semanas en refrigeración (4 °C) y después se destilaron a baja temperatura en un Rotavapor “Hahn Shin Science Co., Model: HS-2000N”. Las pruebas de inhibición in vitro consistieron en sembrar cada cepa en placas con agar de extracto de levadura y malta (YMA) como medio de cultivo, más los extractos vegetales por separado, con dos modalidades de siembra; por extensión de superficie y difusión. Para la fase de inhibición del crecimiento in situ, las muestras de queso Chapingo se impregnaron por inmersión con cada uno de los extractos vegetales por separado, durante un minuto. Posteriormente, los quesos se inocularon por atomización con una suspensión estandarizada de esporas (1.5 x 108 UFC/mL) de cada cepa. Las muestras de quesos inoculadas se mantuvieron en una cámara de maduración a 4 °C, durante tres semanas, haciendo mediciones semanales de las poblaciones de cada cepa con la técnica de dilución en placa. Los resultados demostraron que los extractos de canela y orégano inhibieron el crecimiento de los hongos tanto en medios de cultivo de laboratorio como en queso Chapingo. En tanto que, el extracto de epazote no presentó efecto inhibitorio del crecimiento en ningún caso. En quesos inoculados, Penicillium destacó por ser altamente sensible al extracto de canela y Alternaria al extracto de orégano. | |
| 520 | 3 | _aThe objective of the present investigation was to evaluate the inhibition degree of natural oregano (Origanum vulgare), cinnamon (Cinnamomum zeylanicum) and epazote (Chenopodium ambrosioides) extracts on the growth of Chapingo cheese fungi both in vitro and in situ. For this purpose; Penicillium, Aspergillus, Cladosporium and Alternaria strains were isolated from Chapingo cheese samples with two weeks of maturation. The extracts were obtained by mashing dry plant material with an ethanol solution diluted with water (50/50), this rested for three weeks in refrigeration (4 °C), and then were distilled at low temperature in a rotary evaporator "Hahn Shin Science Co., Model: HS 2000N ". In vitro inhibition tests consisted in sowing each strain in plates with yeast and malt extract agar (YMA) as culture medium, plus the plant extracts separately, with two fungi culture methods; by surface extension and diffusion. For the growth inhibition in situ phase, the Chapingo cheese samples were impregnated by immersion with each of the plant extracts separately, for one minute. Subsequently, the cheeses were inoculated by atomization with a standardized spore suspension (1.5 x 108 CFU / mL) of each strain. The inoculated cheese samples were kept in a maturation chamber at 4° C for three weeks. There were performed weekly measurements of the populations of each strain with the plate dilution technique. The results showed that cinnamon and oregano extracts inhibited fungal growth both in laboratory culture media and in Chapingo cheese. Meanwhile, the epazote extract had no growth inhibitory effect in any case. In inoculated cheeses, Penicillium stood out for being highly sensitive to cinnamon extract and Alternaria to oregano extract. | |
| 650 | 1 | 3 |
_2atg _9142512 _aQuesos _xEvaluación sensorial de los alimentos |
| 650 | 1 | 3 |
_2atg _9142512 _aQuesos _xCriterios microbiológicos |
| 650 | 1 | 3 |
_2atg _9185484 _aInocuidad de los productos lácteos |
| 650 | 1 | 3 |
_2atg _9148387 _aCheeses _xSensory evaluation |
| 650 | 1 | 3 |
_2atg _9148387 _aCheeses _xMicrobiological criteria |
| 650 | 1 | 3 |
_2atg _9176128 _aDairy safety |
| 700 | 1 |
_9189232 _aRuiz Terrazas, Jesús Iván _eautor |
|
| 700 | 1 |
_9152794 _aLeyva Ruelas, Gabriel _edirector |
|
| 700 | 1 |
_994265 _aRamírez Santiago, César _easesor |
|
| 700 | 1 |
_9155440 _aPérez Godínez, Edmundo Arturo _easesor |
|
| 856 | 4 | 0 |
_yDESCARGAR PDF _uhttp://10.13.5.2/tesis/tl/2021_IA_Mendoza_Pinacho_KarlaGuadalupe-Ruiz_Terrazas_JesusIvan.pdf |
| 942 |
_2Clasificación Universidad Autónoma Chapingo _cTD |
||
| 999 |
_c220005 _d220005 |
||